|
|
|
|
| LEADER |
00000cac a2200000 i 4500 |
| 003 |
Ucuenca |
| 005 |
20230324080811.0 |
| 006 |
a||||gr|||| 001 0 |
| 007 |
ta |
| 008 |
013020s1970 ag ||||r|||||||1|||spa a |
| 040 |
|
|
|b spa
|a UCuenca-cdrjbv
|c UCuenca
|e rda
|
| 041 |
1 |
|
|a fre
|
| 082 |
0 |
|
|2 21
|a 121
|c 116653
|
| 100 |
1 |
|
|a
|e autor
|9 309165
|
| 240 |
1 |
0 |
|a Logique et connaissance scientifique nature y méthodes de l´epistémologie.
|l Español
|
| 245 |
1 |
0 |
|a Lógica y conocimiento científico:
|b naturaleza y métodos de la epistemología /
|c Jean Piaget, Hugo Acevedo, traductor.
|
| 250 |
|
|
|a Primera edición
|
| 264 |
|
1 |
|a Buenos Aires:
|b Proteo,
|c 1970.
|
| 300 |
|
|
|a 134 páginas:
|c 23 cm
|
| 336 |
|
|
|2 rdacontent
|a texto
|b txt
|
| 337 |
|
|
|2 rdamedia
|a no mediado
|b n
|
| 338 |
|
|
|2 rdacarrier
|a volumen
|b nc
|
| 490 |
0 |
|
|a Biblioteca Universitaria Proteo,
|v no. 1
|
| 504 |
|
|
|a incl. ind.
|
| 504 |
|
|
|a incl. indnom.
|
| 505 |
1 |
|
|a La epistemología y sus variedades -- Los métodos de la epistemología.
|
| 650 |
1 |
7 |
|2 UCuenca-cdrjbv
|a Epistemología
|9 1263
|
| 650 |
1 |
7 |
|2 UCuenca-cdrjbv
|a Lógica
|9 241
|
| 650 |
1 |
7 |
|2 UCuenca-cdrjbv
|a Conocimiento científico
|9 7814
|
| 651 |
|
|
|2 UCuenca-cdrjbv
|
| 700 |
1 |
|
|9 239294
|a Acevedo, Hugo.
|e traductor
|
| 852 |
|
|
|a UC-CDJBV
|
| 942 |
|
|
|0 2
|2 ddc
|c CR
|r luz.vázquez@ucuenca.edu.ec
|
| 999 |
|
|
|c 133350
|d 133350
|